La contribución nacional de valorizacion : (Registro nro. 5809)

Detalles MARC
000 -LEADER
fixed length control field 01035nam a2200229Ia 4500
003 - CONTROL NUMBER IDENTIFIER
control field OSt
005 - DATE AND TIME OF LATEST TRANSACTION
control field 20200702143505.0
008 - FIXED-LENGTH DATA ELEMENTS--GENERAL INFORMATION
fixed length control field 191128s1974 ck fr 000 0 spa d
040 ## - CATALOGING SOURCE
Original cataloging agency CO-JMCR
Transcribing agency CO-JMCR
041 0# - LANGUAGE CODE
Language code of text/sound track or separate title spa
082 04 - DEWEY DECIMAL CLASSIFICATION NUMBER
Classification number 336.14 /
Item number S676c
Edition number 23
100 1# - MAIN ENTRY--PERSONAL NAME
Personal name Soto Pinedo, Rafael,
Relator term autor
9 (RLIN) 6501
245 13 - TITLE STATEMENT
Title La contribución nacional de valorizacion :
Remainder of title sus fundamentos y su aplicación en departamentos y municipios /
Statement of responsibility, etc. Rafael Soto Pinedo
260 ## - PUBLICATION, DISTRIBUTION, ETC.
Place of publication, distribution, etc. Bogotá :
Name of publisher, distributor, etc. Temis,
Date of publication, distribution, etc. 1974
300 ## - PHYSICAL DESCRIPTION
Extent xvi, 351 páginas ;
Dimensions 22 cm.
500 ## - GENERAL NOTE
General note Incluye notas a pie de página.
505 0# - FORMATTED CONTENTS NOTE
Formatted contents note La contribución de valorización en el derecho financiero -- Bases de las finanzas públicas -- Las necesidades públicas -- Diferencias sustantivas entre impuesto, tasa y contribución -- La contribución de valorización en la doctrina
650 14 - SUBJECT ADDED ENTRY--TOPICAL TERM
Topical term or geographic name entry element Tasación
General subdivision legislación
Geographic subdivision Colombia
9 (RLIN) 6502
650 14 - SUBJECT ADDED ENTRY--TOPICAL TERM
Topical term or geographic name entry element Derecho fiscal
General subdivision legislación
Geographic subdivision Colombia
9 (RLIN) 6503
650 14 - SUBJECT ADDED ENTRY--TOPICAL TERM
Topical term or geographic name entry element Valorización
General subdivision legislación
Geographic subdivision Colombia
9 (RLIN) 6504
942 ## - ADDED ENTRY ELEMENTS (KOHA)
Source of classification or shelving scheme Dewey Decimal Classification
Koha item type Books
Existencias
Withdrawn status Lost status Source of classification or shelving scheme Damaged status Not for loan Collection code Home library Current library Date acquired Source of acquisition Cost, normal purchase price Total Checkouts Full call number Barcode Date last seen Copy number Koha item type
    Dewey Decimal Classification     Non-fiction Biblioteca Pública José María del Castillo y Rada Biblioteca Pública José María del Castillo y Rada 04/15/2018 Donación 0.00   336.14 / S676c 430004499 05/16/2024 Ej.1 Books